Electronic properties (Record no. 16117)

000 -LEADER
fixed length control field 00629nam a22002417a 4500
001 - CONTROL NUMBER
control field 16117
003 - CONTROL NUMBER IDENTIFIER
control field BD-DhUET
008 - FIXED-LENGTH DATA ELEMENTS--GENERAL INFORMATION
fixed length control field 150318b xxu||||| |||| 00| 0 eng d
040 ## - CATALOGING SOURCE
Original cataloging agency DLC
Transcribing agency DLC
Modifying agency BD-DhUET
082 ## - DEWEY DECIMAL CLASSIFICATION NUMBER
Classification number 537
Item number ROS/1966
100 ## - MAIN ENTRY--PERSONAL NAME
Personal name Rose, Robert M.
245 ## - TITLE STATEMENT
Title Electronic properties
250 ## - EDITION STATEMENT
Edition statement 1st ed.
260 ## - PUBLICATION, DISTRIBUTION, ETC. (IMPRINT)
Place of publication, distribution, etc. New York
Name of publisher, distributor, etc. John Wiley & Sons
Date of publication, distribution, etc. 1966
300 ## - PHYSICAL DESCRIPTION
Extent x, 306 p.
Other physical details ill.
490 ## - SERIES STATEMENT
Series statement Structure and properties of materials
500 ## - GENERAL NOTE
General note Volume - IV
504 ## - BIBLIOGRAPHY, ETC. NOTE
Bibliography, etc Includes bibliographies
650 #0 - SUBJECT ADDED ENTRY--TOPICAL TERM
Topical term or geographic name as entry element Matter-Properties
700 ## - ADDED ENTRY--PERSONAL NAME
Personal name Shepard, Lawrence A.
700 ## - ADDED ENTRY--PERSONAL NAME
Personal name Wullf, John
942 ## - ADDED ENTRY ELEMENTS (KOHA)
Koha item type General Book
Holdings
Koha item type Damaged status Shelving location Copy number Date acquired Koha normalized classification for sorting Sublocation or collection (holding branch) Koha date last borrowed Koha full call number Price effective from Koha issues (times borrowed) Lost status Koha date last seen Location (home branch) Source of classification or shelving scheme Piece designation (barcode) Not for loan Withdrawn status
General Book Circulation section12015-03-18537_000000000000000_ROS_1966Central Library, BUET 537/ROS/19662015-03-18  2015-03-18Central Library, BUET 35790  
General Book Circulation section22015-03-18537_000000000000000_ROS_1966Central Library, BUET 537/ROS/19662015-03-18  2015-03-18Central Library, BUET 35789  
General Book Circulation section32015-03-18537_000000000000000_ROS_1966Central Library, BUET 537/ROS/19662015-03-18  2015-03-18Central Library, BUET 35242  
General Book Circulation section52015-03-19537_000000000000000_ROS_1966Central Library, BUET2022-06-15537/ROS/19662015-03-191 2022-06-22Central Library, BUET 35786   
General Book Circulation section62015-03-19537_000000000000000_ROS_1966Central Library, BUET 537/ROS/19662015-03-19  2015-03-19Central Library, BUET 21013  
General Book Circulation section72015-04-30537_000000000000000_ROS_1966Central Library, BUET 537/ROS/19662015-04-30  2015-04-30Central Library, BUET 35788